<?xml version="1.0" encoding="UTF-8"?>
<record
    xmlns:xsi="http://www.w3.org/2001/XMLSchema-instance"
    xsi:schemaLocation="http://www.loc.gov/MARC21/slim http://www.loc.gov/standards/marcxml/schema/MARC21slim.xsd"
    xmlns="http://www.loc.gov/MARC21/slim">

  <leader>00410nam a2200145Ia 4500</leader>
  <controlfield tag="008">230411s9999    xx            000 0 und d</controlfield>
  <datafield tag="020" ind1=" " ind2=" ">
    <subfield code="a">81-900984-1-1</subfield>
  </datafield>
  <datafield tag="041" ind1=" " ind2=" ">
    <subfield code="a">eng</subfield>
  </datafield>
  <datafield tag="082" ind1=" " ind2=" ">
    <subfield code="a">E/616.2/BHA/BHA/B00587</subfield>
  </datafield>
  <datafield tag="100" ind1=" " ind2=" ">
    <subfield code="a">Bhargava Krishnakant &amp; Bhargava Samir</subfield>
    <subfield code="9">176654</subfield>
  </datafield>
  <datafield tag="245" ind1=" " ind2=" ">
    <subfield code="a">Short Textbook of ENT Diseases</subfield>
  </datafield>
  <datafield tag="260" ind1=" " ind2=" ">
    <subfield code="b">Usha Publications</subfield>
    <subfield code="a">Mumbai</subfield>
    <subfield code="c">1999</subfield>
  </datafield>
  <datafield tag="300" ind1=" " ind2=" ">
    <subfield code="a">488p</subfield>
  </datafield>
  <datafield tag="999" ind1=" " ind2=" ">
    <subfield code="c">152048</subfield>
    <subfield code="d">152048</subfield>
  </datafield>
  <datafield tag="952" ind1=" " ind2=" ">
    <subfield code="0">0</subfield>
    <subfield code="1">0</subfield>
    <subfield code="4">0</subfield>
    <subfield code="7">0</subfield>
    <subfield code="8">E</subfield>
    <subfield code="a">BTIN</subfield>
    <subfield code="b">BTIN</subfield>
    <subfield code="d">2002-02-13</subfield>
    <subfield code="e">A.D.Kansara Pune.</subfield>
    <subfield code="g">180.00</subfield>
    <subfield code="i">6551</subfield>
    <subfield code="l">0</subfield>
    <subfield code="o">E 616.2 BHA BHA B00587</subfield>
    <subfield code="p">BTIN-BK-587</subfield>
    <subfield code="r">2023-04-11 00:00:00</subfield>
    <subfield code="v">180.00</subfield>
    <subfield code="w">2002-02-13</subfield>
    <subfield code="y">BK</subfield>
    <subfield code="z">B00587</subfield>
  </datafield>
  <datafield tag="952" ind1=" " ind2=" ">
    <subfield code="0">0</subfield>
    <subfield code="1">0</subfield>
    <subfield code="4">0</subfield>
    <subfield code="7">0</subfield>
    <subfield code="8">E</subfield>
    <subfield code="a">BTIN</subfield>
    <subfield code="b">BTIN</subfield>
    <subfield code="d">2003-11-19</subfield>
    <subfield code="e">B.J.Medical Co-oprative College Stores</subfield>
    <subfield code="g">250.00</subfield>
    <subfield code="i">6551</subfield>
    <subfield code="l">0</subfield>
    <subfield code="o">E 616.2 BHA BHA B01586</subfield>
    <subfield code="p">BTIN-BK-1586</subfield>
    <subfield code="r">2023-04-11 00:00:00</subfield>
    <subfield code="v">187.00</subfield>
    <subfield code="w">2002-02-13</subfield>
    <subfield code="y">BK</subfield>
    <subfield code="z">B01586</subfield>
  </datafield>
  <datafield tag="952" ind1=" " ind2=" ">
    <subfield code="0">0</subfield>
    <subfield code="1">0</subfield>
    <subfield code="4">0</subfield>
    <subfield code="7">0</subfield>
    <subfield code="8">E</subfield>
    <subfield code="a">BTIN</subfield>
    <subfield code="b">BTIN</subfield>
    <subfield code="d">2007-12-06</subfield>
    <subfield code="e">M.K.S.S.S I.N.E.Ratnagiri.</subfield>
    <subfield code="g">250.00</subfield>
    <subfield code="i">6551</subfield>
    <subfield code="l">0</subfield>
    <subfield code="o">E 616.2 BHA BHA B04570</subfield>
    <subfield code="p">BTIN-BK-4570</subfield>
    <subfield code="r">2023-04-11 00:00:00</subfield>
    <subfield code="v">250.00</subfield>
    <subfield code="w">2002-02-13</subfield>
    <subfield code="y">BK</subfield>
    <subfield code="z">B04570</subfield>
  </datafield>
</record>
